| 000 | 00474nam a22001817a 4500 | ||
|---|---|---|---|
| 005 | 20240830134505.0 | ||
| 008 | 240830b |||||||| |||| 00| 0 eng d | ||
| 020 | _a978-93-5173-863-3 | ||
| 041 | _aeng | ||
| 082 | _a336.24 | ||
| 100 |
_aMEHROTRA, DR.H.C AND GOYAL, DR.S.P. _98465 |
||
| 245 | _aINCOME TAX LAW AND ACCOUNTS | ||
| 250 | _a64TH ED. 2023-2024 | ||
| 260 |
_aAGRA _bSAHITYA BHAVAN PUBLICATION _c2023 |
||
| 300 | _a772;P | ||
| 650 | _aMANAGEMENT | ||
| 942 | _cBK | ||
| 999 |
_c8589 _d8587 |
||